Ranking Of Kings - Personnages en images - Statistiques

Statistiques générales
  • Ce quiz a été pris 4 fois
  • Le résultat moyen est 9 sur 16
Statistiques - réponses
Par images Réponse % Correct
Bojji
100%
Ombre
100%
Bebin
75%
Daida
75%
Desha
75%
Despa
75%
Miranjo
75%
Apeas
50%
Bosse
50%
Domas
50%
Hiling
50%
Ouken
50%
Ann
25%
Dorshe
25%
Mitsumata
25%
Hokuro
0%
Aucun quiz correspondant
Distribution des résultats
% des personnes avec chaque résultat
Percentile par nombre de réponses
Votre historique - résultats
Vous n’avez pas pris ce quiz